[Event "GER-chT U20 Girls"]
[Site "Duesseldorf"]
[Date "2017.12.28"]
[Round "4.3"]
[White "Zimmermann, Jasmin"]
[Black "Wagner, Lena"]
[Result "1-0"]
[WhiteElo "1735"]
[BlackElo "1259"]
[PlyCount "73"]
[EventDate "2017.12.26"]
[EventType "team-swiss"]
[EventRounds "7"]
[EventCountry "GER"]
[SourceTitle "CBM 182 Extra"]
[Source "ChessBase"]
[SourceDate "2018.02.23"]
[SourceVersion "1"]
[SourceVersionDate "2018.02.23"]
[SourceQuality "1"]
[WhiteTeam "Harksheide"]
[BlackTeam "Endingen"]
[WhiteTeamCountry "GER"]
[BlackTeamCountry "GER"]

1. e4 c6 2. Nc3 d5 3. Nf3 g6 4. d4 Bg7 5. Be2 Bg4 6. exd5 cxd5 7. h3 Bf5 8. 0-0 Nf6 9. Bf4 Nc6 10. Re1 0-0 11. Bb5 a6 12. Bxc6 bxc6 13. Ne5 Rc8 14. Na4 Ne4 15. f3 Nd6 16. g4 Be6 17. Nc5 Qa5 18. Nxe6 fxe6 19. Bg5 Rfe8 20. Qe2 c5 21. Bd2 Qb6 22. Kg2 Qc7 23. dxc5 Qxc5 24. c3 Qb6 25. Nd7 Qb7 26. Qxe6+ Kh8 27. Rab1 Rc7 28. Ne5 Nc4 29. Nxc4 dxc4 30. Bf4 Rcc8 31. Be5 Rg8 32. Bxg7+ Rxg7 33. Re4 Rf8 34. Qxc4 Rgf7 35. Rf1 Qxb2+ 36. Re2 Qb7 37. Qe4 1-0

[Event "GER-chT U20 Girls"]
[Site "Duesseldorf"]
[Date "2017.12.27"]
[Round "2.3"]
[White "Zimmermann, Jasmin"]
[Black "Hartewig, Anja"]
[Result "1-0"]
[WhiteElo "1735"]
[BlackElo "1717"]
[PlyCount "115"]
[EventDate "2017.12.26"]
[EventType "team-swiss"]
[EventRounds "7"]
[EventCountry "GER"]
[SourceTitle "CBM 182 Extra"]
[Source "ChessBase"]
[SourceDate "2018.02.23"]
[SourceVersion "1"]
[SourceVersionDate "2018.02.23"]
[SourceQuality "1"]
[WhiteTeam "Harksheide"]
[BlackTeam "Leipzig SG"]
[WhiteTeamCountry "GER"]
[BlackTeamCountry "GER"]

1. e4 d6 2. d4 Nf6 3. Nc3 g6 4. g3 Bg7 5. Bg2 0-0 6. Nge2 Nbd7 7. 0-0 c5 8. Kh1 cxd4 9. Nxd4 Nc5 10. h3 Bd7 11. Be3 Rc8 12. Qd2 Qa5 13. Bh6 Ne6 14. Bxg7 Kxg7 15. Nxe6+ Bxe6 16. g4 Qb4 17. Rab1 Bxa2 18. Ra1 Bc4 19. Rfd1 a6 20. g5 Nd7 21. Qd4+ f6 22. gxf6+ Rxf6 23. Nd5 Qb5 24. Nxf6 Nxf6 25. Ra3 Be6 26. Bf1 Qh5 27. Rd2 Rc5 28. f4 Kf7 29. Bg2 Rc4 30. Qd3 Qh4 31. f5 gxf5 32. exf5 Qe1+ 33. Qf1 Qxf1+ 34. Bxf1 Bd5+ 35. Rxd5 Rxc2 36. Rdd3 Rxb2 37. Rdb3 Rf2 38. Rf3 Rc2 39. Rab3 b5 40. Ra3 Rc6 41. Rfc3 Rb6 42. Rc7 Nd5 43. Ra7 Nb4 44. Bg2 Kf6 45. Re3 Nc6 46. Bxc6 Rxc6 47. Raxe7 Kxf5 48. Rxh7 Kf4 49. Re1 d5 50. Rf7+ Kg5 51. Rg1+ Kh6 52. Rf8 Kh7 53. Rf5 Rh6 54. Rxd5 Rxh3+ 55. Kg2 Rh6 56. Rh1 b4 57. Rxh6+ Kxh6 58. Rd6+ 1-0

[Event "BL 1617 (Women)"]
[Site "Germany"]
[Date "2017.03.04"]
[Round "5.6"]
[White "Zimmermann, Jasmin"]
[Black "Heinemann, Josefine"]
[Result "0-1"]
[WhiteElo "1726"]
[BlackElo "2242"]
[PlyCount "84"]
[EventDate "2016.10.22"]
[EventType "team-tourn"]
[EventRounds "11"]
[EventCountry "GER"]
[SourceTitle "EXT 2018"]
[Source "ChessBase"]
[SourceDate "2017.10.13"]
[SourceVersion "1"]
[SourceVersionDate "2017.10.13"]
[SourceQuality "1"]
[WhiteTeam "Harksheide (W)"]
[BlackTeam "Baden-Baden (W)"]
[WhiteTeamCountry "GER"]
[BlackTeamCountry "GER"]

1. e4 c5 2. Nf3 d6 3. Bb5+ Nd7 4. 0-0 a6 5. Bxd7+ Bxd7 6. h3 Nf6 7. d3 g6 8. Be3 Bg7 9. Nbd2 0-0 10. Qe2 Bc6 11. a4 b6 12. c3 e5 13. Ne1 d5 14. Bg5 Qc7 15. Nc2 Nh5 16. exd5 Bxd5 17. Ne3 Bc6 18. Qd1 h6 19. Bh4 Nf4 20. Ndc4 Rab8 21. Qc2 Qd7 22. f3 f5 23. Bg3 Nxh3+ 24. gxh3 f4 25. Bxf4 exf4 26. Ng4 Rfe8 27. Rad1 h5 28. Nh2 Qxh3 29. Rd2 Kh7 30. Rg2 Qe6 31. Kh1 Bf6 32. d4 Bh4 33. Ne5 Bg3 34. Rfg1 Rbd8 35. Nf1 h4 36. Nxg3 hxg3 37. Rxg3 fxg3 38. Rxg3 Rd6 39. Qh2+ Kg7 40. Rxg6+ Qxg6 41. Nxg6 Re1+ 42. Kg2 Re2+ 0-1

[Event "GER-chT U20 Girls"]
[Site "Osnabrueck"]
[Date "2015.12.29"]
[Round "5.4"]
[White "Fischer, Franziska"]
[Black "Zimmermann, Jasmin"]
[Result "1/2-1/2"]
[WhiteElo "1468"]
[BlackElo "1662"]
[PlyCount "51"]
[EventDate "2015.12.27"]
[EventType "team-swiss"]
[EventRounds "7"]
[EventCountry "GER"]
[SourceTitle "EXT 2017"]
[Source "ChessBase"]
[SourceDate "2016.10.25"]
[SourceVersion "1"]
[SourceVersionDate "2016.10.25"]
[SourceQuality "1"]
[WhiteTeam "Chemnitz Aufbau"]
[BlackTeam "Harksheide"]
[WhiteTeamCountry "GER"]
[BlackTeamCountry "GER"]

1. d4 Nf6 2. e3 d6 3. Be2 g6 4. Nf3 Bg7 5. 0-0 0-0 6. c4 c5 7. Nc3 cxd4 8. exd4 Nbd7 9. Qc2 a5 10. Rd1 b6 11. h3 Ba6 12. b3 Rc8 13. Qd2 Bb7 14. Bb2 d5 15. Qe3 Re8 16. Ne5 dxc4 17. Bxc4 e6 18. Nb5 Bf8 19. Qf4 Nxe5 20. dxe5 Nd5 21. Qg3 Bc6 22. Na7 Rc7 23. Nxc6 Rxc6 24. Bb5 Rc2 25. Bxe8 Rxb2 26. Qc3 1/2-1/2

[Event "GER-chT U20 Girls"]
[Site "Osnabrueck"]
[Date "2015.12.28"]
[Round "4.4"]
[White "Schaefer, Ann Kathrin"]
[Black "Zimmermann, Jasmin"]
[Result "1/2-1/2"]
[WhiteElo "1576"]
[BlackElo "1662"]
[PlyCount "80"]
[EventDate "2015.12.27"]
[EventType "team-swiss"]
[EventRounds "7"]
[EventCountry "GER"]
[SourceTitle "EXT 2017"]
[Source "ChessBase"]
[SourceDate "2016.10.25"]
[SourceVersion "1"]
[SourceVersionDate "2016.10.25"]
[SourceQuality "1"]
[WhiteTeam "Bechhofen"]
[BlackTeam "Harksheide"]
[WhiteTeamCountry "GER"]
[BlackTeamCountry "GER"]

1. d4 Nf6 2. Nf3 g6 3. Nc3 Bg7 4. e4 d6 5. Be3 0-0 6. Qd2 Nbd7 7. Bh6 b6 8. 0-0-0 Bb7 9. Bxg7 Kxg7 10. Bd3 c5 11. d5 a6 12. h4 h5 13. Ng5 Nh7 14. Nxh7 Kxh7 15. g4 Nf6 16. gxh5 Nxh5 17. Qg5 e6 18. Qg4 e5 19. Be2 Qf6 20. Qd7 Rab8 21. Qh3 Qxf2 22. Bxh5 Qf4+ 23. Kb1 gxh5 24. Rdf1 Qg4 25. Qxg4 hxg4 26. Rhg1 Bc8 27. Rf6 Kg7 28. Rxd6 Rh8 29. Rh1 g3 30. Rg1 Rxh4 31. Rxg3+ Kf8 32. Rd8+ Ke7 33. Rdg8 Bf5 34. R8g5 Bxe4 35. Rxe5+ Kf6 36. Reg5 Rh1+ 37. Rg1 Rxg1+ 38. Rxg1 Bf5 39. b3 Ke5 40. Re1+ Kd4 1/2-1/2

[Event "GER-chT U20 Girls"]
[Site "Osnabrueck"]
[Date "2015.12.28"]
[Round "3.4"]
[White "Zimmermann, Jasmin"]
[Black "Alcer, Johanna"]
[Result "1-0"]
[WhiteElo "1662"]
[BlackElo "1187"]
[PlyCount "59"]
[EventDate "2015.12.27"]
[EventType "team-swiss"]
[EventRounds "7"]
[EventCountry "GER"]
[SourceTitle "EXT 2017"]
[Source "ChessBase"]
[SourceDate "2016.10.25"]
[SourceVersion "1"]
[SourceVersionDate "2016.10.25"]
[SourceQuality "1"]
[WhiteTeam "Harksheide"]
[BlackTeam "Weissensee Chemie U20 Girls"]
[WhiteTeamCountry "GER"]
[BlackTeamCountry "GER"]

1. e4 e5 2. Nf3 Nc6 3. Bc4 Bc5 4. c3 Nf6 5. d4 exd4 6. 0-0 dxc3 7. e5 d5 8. exf6 Qxf6 9. Bg5 Qd6 10. Bb3 cxb2 11. Qe2+ Be6 12. Qxb2 0-0 13. Nc3 Rfe8 14. Rad1 Ne7 15. Bxe7 Rxe7 16. Nxd5 Bxd5 17. Bxd5 Rd8 18. Bxf7+ Rxf7 19. Rxd6 cxd6 20. Ng5 Rfd7 21. Qb3+ d5 22. Qh3 g6 23. Ne6 Rc8 24. Nxc5 Rdc7 25. Nxb7 Rb8 26. Nd6 Rd8 27. Qe6+ Kf8 28. Qf6+ Kg8 29. Qxd8+ Kg7 30. Qxc7+ 1-0

[Event "Hamburg St Pauli op-B"]
[Site "Hamburg"]
[Date "2011.07.13"]
[Round "6"]
[White "Zimmermann, Jasmin"]
[Black "Janke, Hendrik"]
[Result "1-0"]
[WhiteElo "1677"]
[BlackElo "1767"]
[PlyCount "89"]
[EventDate "2011.07.09"]
[EventType "swiss"]
[EventRounds "9"]
[EventCountry "GER"]
[SourceTitle "CBM 143 Extra"]
[Source "ChessBase"]
[SourceDate "2011.08.29"]
[SourceVersion "1"]
[SourceVersionDate "2011.08.29"]
[SourceQuality "1"]

1. e4 e5 2. Nf3 Nc6 3. Bb5 a6 4. Ba4 b5 5. Bb3 d6 6. h3 Be7 7. 0-0 Nf6 8. Re1 0-0 9. c3 Bb7 10. d4 exd4 11. cxd4 Na5 12. Bc2 c5 13. d5 Nc4 14. Nbd2 Nxd2 15. Bxd2 Nd7 16. Bf4 Nb6 17. Nh2 Bf6 18. Rb1 Nc4 19. Qc1 Qa5 20. b3 Bc3 21. bxc4 Bxe1 22. Qxe1 Qxa2 23. Bb3 Qa3 24. Bxd6 Rfd8 25. Bf4 b4 26. Qd1 Qa5 27. Qg4 Qb6 28. Qg3 Re8 29. f3 Qf6 30. Ng4 Qd4+ 31. Kh2 h5 32. Be5 Rxe5 33. Nxe5 Re8 34. Nd7 Rd8 35. Qc7 Re8 36. Qxb7 Qd3 37. Ba4 Qxb1 38. Nxc5 Rf8 39. Qxa6 Qc1 40. Nd3 Qe3 41. c5 f5 42. e5 h4 43. c6 Qd4 44. c7 Qc3 45. Bc6 1-0

[Event "Hamburg St Pauli op-B"]
[Site "Hamburg"]
[Date "2011.07.12"]
[Round "5"]
[White "Rosenburg, Hauke"]
[Black "Zimmermann, Jasmin"]
[Result "1/2-1/2"]
[WhiteElo "1760"]
[BlackElo "1677"]
[PlyCount "112"]
[EventDate "2011.07.09"]
[EventType "swiss"]
[EventRounds "9"]
[EventCountry "GER"]
[SourceTitle "CBM 143 Extra"]
[Source "ChessBase"]
[SourceDate "2011.08.29"]
[SourceVersion "1"]
[SourceVersionDate "2011.08.29"]
[SourceQuality "1"]

1. d4 Nf6 2. Bg5 d6 3. Bxf6 exf6 4. Nf3 Nc6 5. e3 Bg4 6. Bb5 a6 7. Bxc6+ bxc6 8. c4 Be7 9. h3 Bh5 10. Nbd2 0-0 11. Qa4 Qe8 12. Qa5 Bxf3 13. Nxf3 Qc8 14. 0-0 Rb8 15. b3 f5 16. Rfe1 Bf6 17. Rad1 Re8 18. Re2 d5 19. Rc1 dxc4 20. Rxc4 Rb6 21. Rec2 Qd7 22. Qc3 Re6 23. Rc5 g6 24. Qc4 Kg7 25. Ra5 Qc8 26. d5 Re4 27. Qd3 cxd5 28. Rxd5 Qb7 29. Rd7 Rc6 30. Qd5 Ree6 31. Nd4 Bxd4 32. Rxc6 Qxc6 33. Qxc6 Rxc6 34. Rxd4 Rc1+ 35. Kh2 Rc2 36. Ra4 Rxf2 37. Kg3 Rc2 38. Rxa6 c5 39. Rc6 Rxa2 40. Rxc5 Ra3 41. Rb5 h6 42. Kf3 Kf6 43. Rb6+ Ke5 44. Rb5+ Ke6 45. b4 Rb3 46. g3 Rb2 47. Rb6+ Ke5 48. Rb7 Ke6 49. b5 Kf6 50. b6 Ke6 51. Rb8 Kf6 52. b7 h5 53. g4 hxg4+ 54. hxg4 fxg4+ 55. Kxg4 Rb4+ 56. Kf3 Kg5 1/2-1/2

[Event "Hamburg St Pauli op-B"]
[Site "Hamburg"]
[Date "2011.07.11"]
[Round "3"]
[White "Schwerdtfeger, Wolfgang"]
[Black "Zimmermann, Jasmin"]
[Result "1-0"]
[WhiteElo "1793"]
[BlackElo "1677"]
[PlyCount "60"]
[EventDate "2011.07.09"]
[EventType "swiss"]
[EventRounds "9"]
[EventCountry "GER"]
[SourceTitle "CBM 143 Extra"]
[Source "ChessBase"]
[SourceDate "2011.08.29"]
[SourceVersion "1"]
[SourceVersionDate "2011.08.29"]
[SourceQuality "1"]

1. c4 Nf6 2. Nc3 g6 3. g3 Bg7 4. Bg2 0-0 5. Nf3 Nc6 6. 0-0 d5 7. Nxd5 Nxd5 8. cxd5 Qxd5 9. d3 Qh5 10. Ng5 h6 11. Ne4 Bh3 12. Rb1 Bxg2 13. Kxg2 Qd5 14. Kg1 Qxa2 15. Bf4 g5 16. Be3 f5 17. Nc5 b6 18. Nb3 Na5 19. Nxa5 Qxa5 20. Qb3+ Kh8 21. Rfd1 f4 22. Bd2 Qf5 23. gxf4 gxf4 24. f3 Rg8 25. Kh1 Qh3 26. Rg1 Raf8 27. Qc4 e5 28. Qxc7 Rc8 29. Qf7 Rc2 30. Rbd1 Rxb2 1-0

[Event "Schleswig Holstein-ch U14"]
[Site "Neumuenster"]
[Date "2011.04.28"]
[Round "6"]
[White "Krause, Benedict"]
[Black "Zimmermann, Jasmin"]
[Result "1-0"]
[WhiteElo "1746"]
[BlackElo "1398"]
[PlyCount "79"]
[EventDate "2011.04.25"]
[EventType "tourn"]
[EventRounds "9"]
[EventCountry "GER"]
[SourceTitle "EXT 2023"]
[Source "ChessBase"]
[SourceDate "2022.10.05"]
[SourceVersion "1"]
[SourceVersionDate "2022.10.05"]
[SourceQuality "1"]

1. e4 Nf6 2. e5 Nd5 3. d4 d6 4. c4 Nb6 5. exd6 cxd6 6. Nc3 Nc6 7. Be3 g6 8. Rc1 Bg7 9. b3 0-0 10. Nf3 Bf5 11. Be2 Rc8 12. 0-0 Nd7 13. Qd2 Re8 14. Rfd1 a6 15. Bh6 Bh8 16. d5 Nce5 17. Nd4 e6 18. dxe6 fxe6 19. Nxf5 exf5 20. Qxd6 Nf7 21. Qxd7 Qxd7 22. Rxd7 Nxh6 23. Kf1 Re6 24. Bf3 Kf8 25. Bxb7 Rce8 26. Bd5 R6e7 27. Rxe7 Rxe7 28. Na4 Bd4 29. h3 Ng8 30. Bxg8 Kxg8 31. Rd1 Ba7 32. Rd6 a5 33. Rd5 Re4 34. Rxa5 Bd4 35. Rd5 Rf4 36. f3 g5 37. Nc5 Bxc5 38. Rxc5 g4 39. hxg4 fxg4 40. Rg5+ 1-0

[Event "GER-chT U14 Girls"]
[Site "Gross Doelln"]
[Date "2010.12.29"]
[Round "6.3"]
[White "Kempe, Anne"]
[Black "Zimmermann, Jasmin"]
[Result "1-0"]
[WhiteElo "1391"]
[BlackElo "1534"]
[PlyCount "63"]
[EventDate "2010.12.27"]
[EventType "team-swiss"]
[EventRounds "7"]
[EventCountry "GER"]
[SourceTitle "CBM 140 Extra"]
[Source "ChessBase"]
[SourceDate "2011.03.01"]
[SourceVersion "1"]
[SourceVersionDate "2011.03.01"]
[SourceQuality "1"]
[WhiteTeam "Chemnitz Aufbau"]
[BlackTeam "Harksheide"]
[WhiteTeamCountry "GER"]
[BlackTeamCountry "GER"]

1. e4 Nf6 2. Nc3 d5 3. exd5 Nxd5 4. Nxd5 Qxd5 5. Nf3 Nd7 6. d4 Nf6 7. Be2 Bf5 8. 0-0 g6 9. Re1 Bg7 10. h3 0-0 11. Bd3 Bxd3 12. Qxd3 e6 13. Bf4 Qd7 14. Ne5 Qe7 15. Bg5 Rad8 16. c3 c5 17. Ng4 cxd4 18. Qf3 Rc8 19. Nxf6+ Bxf6 20. Bxf6 Qd6 21. Bxd4 f5 22. Qxb7 Rc7 23. Qf3 Rcc8 24. Rad1 Qa6 25. Qe3 Qb7 26. Qxe6+ Qf7 27. Qxf7+ Rxf7 28. Re2 h5 29. Rde1 Kh7 30. Re7 Rxe7 31. Rxe7+ Kh6 32. Rxa7 1-0

[Event "LSS RF-2010-0-00062"]
[Site "LSS email"]
[Date "2010.11.20"]
[Round "?"]
[White "Raines, David T"]
[Black "Zimmermann, Jasmin"]
[Result "1-0"]
[WhiteElo "1067"]
[BlackElo "948"]
[PlyCount "69"]
[EventDate "2010.10.05"]
[EventType "tourn (corr)"]
[EventRounds "6"]
[EventCountry "GER"]
[SourceTitle "Corr 2013"]
[Source "ChessBase"]
[SourceDate "2012.11.12"]
[SourceVersion "1"]
[SourceVersionDate "2012.11.12"]
[SourceQuality "1"]

1. d4 d5 2. Nf3 Bg4 3. e3 c6 4. c4 e6 5. Nc3 Bb4 6. h3 Bxf3 7. Qxf3 Bxc3+ 8. bxc3 Qf6 9. Qg3 Ne7 10. Qc7 Nd7 11. Qxb7 Rb8 12. Qxa7 dxc4 13. Bxc4 Nd5 14. 0-0 N5b6 15. Bd3 0-0 16. Qa3 e5 17. Bd2 Nd5 18. Qc1 Rfe8 19. Qc2 h6 20. a4 exd4 21. cxd4 Ra8 22. Rfb1 Reb8 23. a5 Qd6 24. a6 Qc7 25. Ba5 Qc8 26. Be1 Ra7 27. Rc1 Rb6 28. Ba5 Rb8 29. Qxc6 Qxc6 30. Rxc6 N7f6 31. Rac1 Kf8 32. Rc8+ Rxc8 33. Rxc8+ Ke7 34. Rb8 Ne8 35. Rb7+ 1-0

[Event "LSS RF-2010-0-00057"]
[Site "LSS email"]
[Date "2010.09.23"]
[Round "?"]
[White "Zimmermann, Jasmin"]
[Black "Stringa, Alejandro J"]
[Result "0-1"]
[WhiteElo "948"]
[BlackElo "1088"]
[PlyCount "28"]
[EventDate "2010.07.28"]
[EventType "tourn (corr)"]
[EventRounds "6"]
[EventCountry "GER"]
[SourceTitle "Corr 2013"]
[Source "ChessBase"]
[SourceDate "2012.11.12"]
[SourceVersion "1"]
[SourceVersionDate "2012.11.12"]
[SourceQuality "1"]

1. e4 e5 2. Bc4 Nf6 3. Nc3 Nxe4 4. Qh5 Nd6 5. Bb3 Be7 6. Nf3 Nc6 7. Nb5 0-0 8. d3 Nxb5 9. Ng5 Bxg5 10. Bxg5 Qe8 11. 0-0-0 Nbd4 12. f4 Nxb3+ 13. axb3 f6 14. Bh4 Qxh5 0-1

[Event "LSS RF-2010-0-00054"]
[Site "LSS email"]
[Date "2010.08.12"]
[Round "?"]
[White "Zimmermann, Jasmin"]
[Black "Stadler, Pavel"]
[Result "1-0"]
[WhiteElo "948"]
[BlackElo "1292"]
[PlyCount "29"]
[EventDate "2010.06.27"]
[EventType "tourn (corr)"]
[EventRounds "6"]
[EventCountry "GER"]
[SourceTitle "Corr 2013"]
[Source "ChessBase"]
[SourceDate "2012.11.12"]
[SourceVersion "1"]
[SourceVersionDate "2012.11.12"]
[SourceQuality "1"]

1. e4 c5 2. c3 d5 3. exd5 Qxd5 4. d4 Nf6 5. dxc5 Qxc5 6. Nf3 Bg4 7. h3 Bh5 8. Be3 Qc7 9. Na3 a6 10. Nc4 Nbd7 11. g4 Bg6 12. Qd4 e6 13. Be2 Bc5 14. Qf4 Bxe3 15. Qxe3 1-0

[Event "LSS SE-2010-0-00045"]
[Site "LSS email"]
[Date "2010.04.12"]
[Round "?"]
[White "Yang, Dong"]
[Black "Zimmermann, Jasmin"]
[Result "1-0"]
[WhiteElo "1454"]
[BlackElo "948"]
[PlyCount "27"]
[EventDate "2010.02.23"]
[EventType "tourn (corr)"]
[EventRounds "6"]
[EventCountry "GER"]
[SourceTitle "Corr 2013"]
[Source "ChessBase"]
[SourceDate "2012.11.12"]
[SourceVersion "1"]
[SourceVersionDate "2012.11.12"]
[SourceQuality "1"]
[WhiteTeam "US of America"]
[BlackTeam "US of America"]
[WhiteTeamCountry "USA"]
[BlackTeamCountry "USA"]

1. e4 d5 2. exd5 Qxd5 3. Nc3 Qe5+ 4. Be2 c6 5. Nf3 Qc7 6. 0-0 Bf5 7. d4 e6 8. d5 cxd5 9. Nb5 Qc8 10. Bf4 Na6 11. Nbd4 Be4 12. Bb5+ Kd8 13. Ne5 Bg6 14. Ndc6+ 1-0

[Event "Schleswig Holstein-ch U14 M"]
[Site "Neumuenster"]
[Date "2010.04.09"]
[Round "7"]
[White "Schloesser, Simon"]
[Black "Zimmermann, Jasmin"]
[Result "1-0"]
[WhiteElo "1638"]
[BlackElo "1411"]
[PlyCount "23"]
[EventDate "2010.04.05"]
[EventType "tourn"]
[EventRounds "9"]
[EventCountry "GER"]
[SourceTitle "EXT 2023"]
[Source "ChessBase"]
[SourceDate "2022.10.05"]
[SourceVersion "1"]
[SourceVersionDate "2022.10.05"]
[SourceQuality "1"]

1. e4 c5 2. Nf3 a6 3. d4 cxd4 4. Nxd4 e5 5. Nf3 Nc6 6. Bc4 Qc7 7. 0-0 Nf6 8. Ng5 d5 9. exd5 Na5 10. Bb3 h6 11. d6 Qd7 12. Bxf7+ 1-0

[Event "Schleswig Holstein-ch U14 M"]
[Site "Neumuenster"]
[Date "2010.04.06"]
[Round "2"]
[White "Pommerenke, Birger"]
[Black "Zimmermann, Jasmin"]
[Result "1-0"]
[WhiteElo "1446"]
[BlackElo "1411"]
[PlyCount "65"]
[EventDate "2010.04.05"]
[EventType "tourn"]
[EventRounds "9"]
[EventCountry "GER"]
[SourceTitle "EXT 2023"]
[Source "ChessBase"]
[SourceDate "2022.10.05"]
[SourceVersion "1"]
[SourceVersionDate "2022.10.05"]
[SourceQuality "1"]

1. e4 c5 2. Nf3 Nc6 3. d4 cxd4 4. Nxd4 Nf6 5. Nc3 e5 6. Ndb5 d6 7. Bg5 a6 8. Na3 b5 9. Nd5 Be7 10. Bxf6 Bxf6 11. c4 b4 12. Nc2 a5 13. Bd3 Bg5 14. 0-0 0-0 15. Kh1 Be6 16. f4 Bh6 17. f5 Bxd5 18. exd5 Nb8 19. f6 g6 20. Qg4 Re8 21. Qh4 Bf8 22. Be4 Nd7 23. Rf3 Bg7 24. Raf1 Bh8 25. g4 Nf8 26. Qg5 Rc8 27. b3 Rb8 28. h4 Rb7 29. h5 Rc7 30. hxg6 fxg6 31. f7+ Kg7 32. fxe8N+ Qxe8 33. Qf6+ 1-0